Logo CIB grande

Genética molecular y citogenética humana (Registro nro. 233291)

Detalles MARC
000 -LEADER
campo de control de longitud fija 00893nam a2200265Ia 4500
005 - FECHA Y HORA DE LA ÚLTIMA TRANSACCIÓN
campo de control 20250425162631.0
008 - DATOS DE LONGITUD FIJA--INFORMACIÓN GENERAL
campo de control de longitud fija 250425s9999 xx 000 0 und d
020 ## - NÚMERO INTERNACIONAL ESTÁNDAR DEL LIBRO
Número Internacional Estándar del Libro 9789942075970
041 ## - CÓDIGO DE IDIOMA
Código de lengua del texto/banda sonora o título independiente spa
082 ## - NÚMERO DE LA CLASIFICACIÓN DECIMAL DEWEY
Número de clasificación 611.01816
010 ## - NÚMERO DE CONTROL DE LA BIBLIOTECA DEL CONGRESO
Número de control de LC 91662
100 ## - ENTRADA PRINCIPAL--NOMBRE DE PERSONA
Nombre de persona Paz- y- Miño, César
245 #0 - MENCIÓN DEL TÍTULO
Título Genética molecular y citogenética humana
Resto del título fundamentos, aplicaciones e investigaciones en el Ecuador
Mención de responsabilidad, etc. César Paz- y- Miño, Andrés López - Cortés
250 ## - MENCION DE EDICION
Mención de edición 1A ED.
260 ## - PUBLICACIÓN, DISTRIBUCIÓN, ETC.
Lugar de publicación, distribución, etc. Quito
Nombre del editor, distribuidor, etc. Yachay ep
Fecha de publicación, distribución, etc. 2014
300 ## - DESCRIPCIÓN FÍSICA
Extensión 368 páginas
500 ## - NOTA GENERAL
Nota general DONADO POR LA PH.D JULIA NIETO WIGBY; DECANA DE INVESTIGACION (OFC.DEC-INV-174-AGOSTO 12, 2014)
650 ## - PUNTO DE ACCESO ADICIONAL DE MATERIA--TÉRMINO DE MATERIA
Término de materia o nombre geográfico como elemento de entrada Enfermedades genéticas
650 ## - PUNTO DE ACCESO ADICIONAL DE MATERIA--TÉRMINO DE MATERIA
Término de materia o nombre geográfico como elemento de entrada Factores genéticos
650 ## - PUNTO DE ACCESO ADICIONAL DE MATERIA--TÉRMINO DE MATERIA
Término de materia o nombre geográfico como elemento de entrada Genética humana
650 ## - PUNTO DE ACCESO ADICIONAL DE MATERIA--TÉRMINO DE MATERIA
Término de materia o nombre geográfico como elemento de entrada Genética molecular
650 ## - PUNTO DE ACCESO ADICIONAL DE MATERIA--TÉRMINO DE MATERIA
Término de materia o nombre geográfico como elemento de entrada Malformaciones congénitas
700 ## - ENTRADA AGREGADA--NOMBRE PERSONAL
Nombre de persona López - Cortés, Andrés
942 ## - ELEMENTOS DE ENTRADA SECUNDARIOS (KOHA)
Tipo de ítem Koha Libros
Existencias
Estatus retirado Estado de pérdida Estado de daño No para préstamo Biblioteca de origen Biblioteca actual Fecha de adquisición Coste, precio normal de compra Total de préstamos Código de barras Copia número Tipo de ítem Koha Etiqueta RFID Nota pública
        CENTRO DE INFORMACIÓN BIBLIOTECARIA CENTRO DE INFORMACIÓN BIBLIOTECARIA 30/08/2014 30.00   D-99321 1 Libros    
        CENTRO DE INFORMACIÓN BIBLIOTECARIA CENTRO DE INFORMACIÓN BIBLIOTECARIA 31/07/2023 30.00   D-113532 2 Libros 0000000000000000035952 Donación

Copyright 2025 ESPOL. Todos los derechos reservados.